| 000 | 01229cam a2200313 i 4500 | ||
|---|---|---|---|
| 001 | 20480 | ||
| 003 | CO-MdFUSB | ||
| 005 | 20180622072743.0 | ||
| 008 | 161018t1984 xxu||||g |||| 00| 0 eng d | ||
| 020 | _a0-8006-1538-7 | ||
| 040 |
_aCO-MdFUSB _bEspañol _cCO-MdFUSB _dCO-MdFUSB _erda |
||
| 041 | _aeng | ||
| 082 |
_224 _a221 _bF888s |
||
| 100 | 1 |
_aFretheim, Terence E. _eautor |
|
| 245 | 1 | 4 |
_aThe suffering of God _b: An Old Testament perspective _c/ Terence E. Fretheim |
| 264 | 1 |
_aPhiladelphia, Pennsylvania : _bFortress Press, _c℗[1984] |
|
| 264 | 4 | _c©1984 | |
| 300 | _axx, 203 págiinas | ||
| 336 |
_2rdacontent _a1 _ba1 |
||
| 337 |
_2rdamedia _a2 _b5 |
||
| 338 |
_2rdacarrier _a2 _b5 |
||
| 490 | _aOvertures to Biblical Theology | ||
| 504 | _aIncluye índices (p. 195-203) | ||
| 505 | 0 | 0 | _aDios en la teología del Antiguo Testamento - Dios y el mundo: Perspectivas - Dios y el mundo: Presciencia - Dios y el mundo: Presencia y poder - Dios en la forma humana - Dios padece porque... - Dios padece con... - Dios padece para... - Profeta, teofanía y el sufrimiento |
| 540 | _aRústico | ||
| 630 | 7 |
_aBiblia. _pAntiguo Testamento _xCrítica, interpretación, etc. |
|
| 942 | _cBK | ||
| 999 |
_c46831 _d46831 |
||